| 000 | 01695nam a2200421 c 4500 | ||
|---|---|---|---|
| 003 | BLK | ||
| 005 | 20230608014049.0 | ||
| 008 | 180409b bul|||||r ||||||| ||bul|| | ||
| 010 | _aKNG00130865000 | ||
| 020 |
_a978-954-365-105-4 _bиздат.: Еднорог |
||
| 040 | _aBLK | ||
| 041 |
_aBUL _cBUL |
||
| 072 | 7 |
_2bullib _aН82 _xЛитературознание Н |
|
| 080 |
_aТурска литература _b821.512.161 _x(092) _z821.512.161(092) |
||
| 080 |
_aТурска литература _b821.512.161 _x.09 _z821.512.161.09 |
||
| 080 |
_aТурски писател _b929 Памук, Орхан _x _z929 Памук, Орхан |
||
| 100 | 1 |
_aПамук, Орхан _eпърви автор _9105861 |
|
| 700 |
_aДжанабетска, Боряна Ангелова, 1957- _9364686 |
||
| 139 |
_aПамук, Орхан _bП 16 |
||
| 245 | 1 | 0 |
_aНаивният и сантименталният писател _cОрхан Памук; прев. от англ. Боряна Ангелова Джанабетска. |
| 257 | _aBGR | ||
| 260 |
_аСофия _bЕднорог _c2012 |
||
| 300 |
_a159 с. _c20 см |
||
| 380 | _a82 | ||
| 500 | _aОриг. загл. The naive and the sentimental novelist / Orhan Pamuk. | ||
| 600 | 1 | 4 |
_aПамук, Орхан _9105861 |
| 650 | 4 |
_aТурска литература _9270327 |
|
| 653 | _aтурска литература | ||
| 653 | _aлитературознание | ||
| 653 | _aОрхан Памук | ||
| 659 | _aН | ||
| 852 | _aЦб 255148 | ||
| 856 | 4 |
_qpdf _u |
|
| 856 | 4 |
_qpdf _u |
|
| 942 |
_cKNG _n0 _02 |
||
| 944 |
_aCR _c22.05.2012 _kВиолета_Тройчева |
||
| 944 |
_aED _c08.05.2014 _k |
||
| 999 |
_c125196 _d125196 |
||